[Event "Agneaux St Lo U16 op 17th"]
[Site "Agneaux"]
[Date "2015.07.06"]
[Round "3"]
[White "Vanner, Alexander"]
[Black "Fernandez, Leon"]
[Result "1/2-1/2"]
[WhiteElo "1326"]
[BlackElo "1714"]
[PlyCount "51"]
[EventDate "2015.07.03"]
[EventType "swiss"]
[EventRounds "9"]
[EventCountry "FRA"]
[SourceTitle "EXT 2016"]
[Source "ChessBase"]
[SourceDate "2015.10.08"]
[SourceVersion "1"]
[SourceVersionDate "2015.10.08"]
[SourceQuality "1"]

1. Nf3 d5 2. c4 d4 3. d3 c5 4. g3 Nc6 5. Bg2 Nf6 6. 0-0 e5 7. Nbd2 Bd6 8. Rb1 0-0 9. a3 Bf5 10. Ng5 Rc8 11. Nge4 Nxe4 12. Nxe4 Be6 13. Bd2 Be7 14. f4 f5 15. Ng5 Bxg5 16. fxg5 Qd6 17. b4 b6 18. bxc5 bxc5 19. Rb5 Bd7 20. Rb7 Rc7 21. Rxc7 Qxc7 22. Qc2 g6 23. Rb1 Rb8 24. Rxb8+ Qxb8 25. Bc1 Kg7 26. Bd2 1/2-1/2